International Federation of Consulting Engineers (Record no. 120968)

MARC details
000 -LEADER
fixed length control field 00775cai a22002055a 4500
001 - CONTROL NUMBER
control field L155748
008 - FIXED-LENGTH DATA ELEMENTS--GENERAL INFORMATION
fixed length control field 120413u2012 xxk f 000 0 eng d
035 ## - SYSTEM CONTROL NUMBER
System control number (Sirsi) u155748
041 0# - LANGUAGE CODE
Language code of text/sound track or separate title eng
110 2# - MAIN ENTRY--CORPORATE NAME
Corporate name or jurisdiction name as entry element International Federation of Consulting Engineers
Subordinate unit FIDIC
240 ## - UNIFORM TITLE
Uniform title FIDIC
245 00 - TITLE STATEMENT
Title International Federation of Consulting Engineers
Remainder of title FIDIC
Medium [electronic resource]
260 ## - PUBLICATION, DISTRIBUTION, ETC.
Place of publication, distribution, etc. Geneva
Name of publisher, distributor, etc. FIDIC
Date of publication, distribution, etc. [2012?]
520 ## - SUMMARY, ETC.
Summary, etc. Website for FIDIC, the International Federation of Consulting Engineers. FIDIC specialises in international construction contracts; resources, events, training.
590 ## - LOCAL NOTE (RLIN)
Local note KA
651 #4 - SUBJECT ADDED ENTRY--GEOGRAPHIC NAME
Geographic name International
690 ## - LOCAL SUBJECT ADDED ENTRY--TOPICAL TERM (OCLC, RLIN)
Topical term or geographic name as entry element Contracts
9 (RLIN) 6232
856 40 - ELECTRONIC LOCATION AND ACCESS
Uniform Resource Identifier <a href="https://www.fidic.org/">https://www.fidic.org/</a>
Public note View the website free of charge at www.fidic.org
942 ## - ADDED ENTRY ELEMENTS (KOHA)
Suppress in OPAC 0
Holdings
Withdrawn status Lost status Source of classification or shelving scheme Damaged status Not for loan Home library Current library Shelving location Date acquired Total Checkouts Full call number Barcode Date last seen Copy number Price effective from Koha item type
    Dewey Decimal Classification     Virtual Virtual Online 13/04/2012   WEB-SITE 155748-2001 06/08/2019 1 06/08/2019 Online material